000 00379cam a2200157ua 4500
003 OSt
008 250823b |||||||| |||| 00| 0 eng d
041 _aeng
082 _a629.287
_bBEN/AU
100 _aBent, R.W .
_97764
245 _aAutomobile maintenance /
250 _a2 /
260 _aLondon :
_bSir Isaac Pitman & Sons Ltd ,
_c1963.
300 _a68 ; .
942 _cBK
999 _c8814
_d8814